000 00450nam a2200145Ia 4500
008 230917s9999||||xx |||||||||||||| ||und||
040 _e172303
_aMAIN
041 _aEnglish
082 _a891.437731 MD687P
100 _aमिश्र, दीनानाथ
245 0 _aपापी वोट के लिए
260 _aनई दिल्ली
_bप्रतिभा प्रतिष्ठान
_c2002
300 _a160 p.
942 _cHN
999 _c82612
_d82612